00532nam a22001697a 450000500170000001000150001702000270003203500140005903700090007308200110008224500880009326000580018127000390023930000270027870000260030570000310033120220321114155.0 aENG-132032 a9789354552748c1650.00 aEN-115564 bDBAD a303.61 aGandhi and The World:cEdited by Nutan Kappor Mahawar and Dhrubajyogi Bhattacharjee aChennaibMacmilla Publishers India Private ltd.c2022 a21, Patullos RoadbChennaie600002 a342pbIndexc24cm(hbk) aMahawar, Nutan Kapoor aBhattacharjee, Dhrubajyoti